000 00421nam a2200169Ia 4500
001 29516
003 IN-NITTTR
005 20251114233402.0
008 251113s9999||||xx |||||||||||||| ||eng||
040 _beng
040 _cIN-NITTTR
041 _aeng
082 _a720.954 T499V
100 _aTipnis, Aishwarya
245 0 _aVernacular traditions :
_b contemporary architecture /
_cTipnis, Aishwarya
942 _2ddc
_cBK
999 _c32144
_d32144